| 000 | 00362nam a2200145Ia 4500 | ||
|---|---|---|---|
| 008 | 211109s9999||||xx |||||||||||||| ||und|| | ||
| 082 |
_a580 _bGAG-F |
||
| 100 | _aGager, C Stuart | ||
| 245 | 0 | _aFundamentals of Botany | |
| 260 |
_bBlakiston _aPhiladelphia _c2000 |
||
| 300 | _a640p. | ||
| 630 | _xGeneral Stack | ||
| 650 |
_aPLANTS _vBOTANY _xBotany |
||
| 942 | _cBOOK | ||
| 999 |
_c3826 _d3826 |
||